00996nam a22001815i 4500001000700000003000900007005001700016008004100033040002000074100002400094245037800118250004300496260007400539300003300613650001800646700004400664852010600708155292ES-MaACL20230906210025.0040720s1887 sp |||| | spa d aCAM bspa cCAM1 aHering, Constantin.10aMedicina homeopática doméstica ó Guía de las familias para que sus individuos puedan tratarse por sí mismos homeopáticamente... / cpor C. Hering ; traducida al español, revisada, corregida, anotada y ... aumentada, especialmente en nociones de higiene, profilaxis y parte relativa á la América é islas Filipinas por Angel Alvarez de Araujo y Cuéllar. a10ª ed. española, tercera tirada... aMadrid : bLibrería Editorial de Carlos Bailly-Baillière, c1887. aCXXXVI, 579, 5 p. ; c18 cm.04aHomeopatía.1 aAlvarez de Araújo y Cuéllar, Angel. aES-MaACLjZ-33 z-- Enc. pasta española z-- Legado de Modesto de la Fuente xOlim: D-2124.